000 00203 a2200097 4500
001 14893
100 _aO Brien E
245 _aArabian days
260 _aLondon
_bQuartet books
_c
090 _c11662
_d11662
942 _aNUST-CAE
_cM
_c1850
999 _c249966
_d249966